| 000 | 00671nam a2200205Ii 4500 | ||
|---|---|---|---|
| 003 | JO-AjNU | ||
| 008 | 230605s9999||||xx |||||||||||||| ||und|| | ||
| 040 |
_aJO-AjNU _bara _erda _cJO-AjNU |
||
| 041 | _aara | ||
| 050 | 1 | 4 | _aQA76.15.S5288.1991 |
| 100 | 3 |
_aبطرس، أنطوان, _eauthor _928874 |
|
| 245 | 0 | 0 | _aموسوعة الكمبيوتر الميسرة |
| 250 | _aط1 | ||
| 264 | 3 | 1 | _aبيروت،لبنان: مكتبة لبنان، 1991 |
| 300 | _a115ص | ||
| 336 |
_atext _btxt _2rdacontent |
||
| 337 |
_aunmediated _bn _2rdamedia |
||
| 338 |
_avolume _bnc _2rdacarrier |
||
| 650 | 4 |
_a الحاسبات الإلكترونية -- دوائر معارف _928875 |
|
| 999 |
_aA11254 _c14822 _d14822 |
||